000 00700nam a22002297a 4500
003 PILC
005 20150708092748.0
008 130220t xxu||||| |||| 00| 0 eng d
020 _a9812470522
050 _aTX 911.3.M3
_b.K87 2003
082 _aHSF 647.940688
_bK84 2003
100 _aKotler, Philip
_912863
245 _aMarketing for hospitality and tourism /
_cPhilip Kotler, John Bowen, James Makens.
250 _a3rd ed.
260 _aUpper Saddle River, NJ :
_bPrentice Hall,
_c2003.
300 _a893 pages :
_bcol. illustrations ;
_c26 cm.
500 _aIncludes glossary and index.
650 _aTourism.
700 _aBowen, John.
700 _aMakens, James.
942 _2lcc
_cBK
999 _c14434
_d14434